|
|
|
|
| LEADER |
01063cam a2200301 u 4500 |
| 001 |
10076903 |
| 003 |
upatras |
| 005 |
20210117201945.0 |
| 008 |
090721s1995 si f eng |
| 020 |
|
|
|a 0500275866
|
| 040 |
|
|
|a GR-PaULI
|c GR-PaULI
|
| 041 |
0 |
|
|a eng
|
| 082 |
1 |
4 |
|a 938.116
|2 22
|
| 100 |
1 |
|
|a Taylour, William
|c Lord
|9 77281
|
| 245 |
1 |
0 |
|a The Mycenaeans
|c Lord William Taylour
|
| 260 |
|
|
|a New York
|b Thames and Hudson
|c 1995
|
| 300 |
|
|
|a 180 p.
|b phot.
|c 25 cm.
|
| 490 |
1 |
|
|a Ancient peoples and places
|
| 500 |
|
|
|a With 151 illustrations
|
| 504 |
|
|
|a Includes bibliography and index
|
| 650 |
|
4 |
|a Πολιτισμός, Αρχαίος
|9 9720
|
| 650 |
|
4 |
|a Πολιτισμός, Μυκηναϊκός
|9 5450
|
| 760 |
1 |
|
|a Ancient peoples and places
|
| 852 |
|
|
|a GR-PaULI
|b ΠΑΤΡΑ
|b ΦΙΛΟΛΟΓΙΑ
|k ΔΑΝΕΙΖ-6
|h 938.116 TAY
|m 003472
|t 1
|
| 942 |
|
|
|2 ddc
|
| 952 |
|
|
|0 0
|1 0
|4 0
|6 938_116000000000000_TAY
|7 0
|9 79407
|a LTRT
|b LTRT
|d 2016-04-24
|i 003472
|l 0
|o 938.116 TAY
|r 2016-04-24 00:00:00
|t 1
|w 2016-04-24
|
| 998 |
|
|
|c ELIDOC
|d 2009-07
|
| 999 |
|
|
|c 52758
|d 52758
|